Lombard architecture

Guardat en:
Dades bibliogràfiques
Autor principal: Porter, Arthur Kingsley (Autor)
Format: Llibre
Idioma:anglès
Publicat: Nueva York Hacker Art Book 1917
Matèries:
Etiquetes: Afegir etiqueta
Sense etiquetes, Sigues el primer a etiquetar aquest registre!

MARC

LEADER 00000nam a2200000 a 4500
001 UCT1664
003 CL-VaPUC
008 961004e19170000US |||||||||||||||||eng|d
082 0 4 |a 723.4  |b POR  |2 21 
100 0 |a Porter, Arthur Kingsley  |e author  |9 370627 
245 1 0 |a Lombard architecture 
300 |a v 
942 |c BK 
945 |d 19961004 00:00:00  |a nastorga 
260 |a Nueva York  |b Hacker Art Book  |c 1917 
500 |a v.1: Monuments 
500 |a v.2: Monuments: Abbazia di Albino-Milan 
500 |a v.3: Monuments: Mizzole-Voltorre 
500 |a v.4: Atlas 
650 0 |a Arquitectura lombarda  |9 370628 
650 7 |a ESTRUCTURAS ARQUITECTONICAS  |2 CL-VaPUC  |9 370629 
650 7 |a DECORACION  |2 CL-VaPUC  |9 358110 
650 0 |a Mosaicos  |9 267156 
650 0 |a Iconografía   |9 267998 
650 7 |a SIGLOS 15-18  |2 CL-VaPUC  |9 317612 
583 |a last modification  |c 19961004 00:00:00  |k Rodrigo Vera 
999 |c 252126  |d 252124 
952 |0 0  |1 0  |4 0  |6 723_400000000000000_POR_1917  |7 0  |8 P  |9 271817  |a BIBARQ  |b BIBARQ  |d 2019-11-19  |h v.1  |i 3234894  |o 723.4 POR 1917  |p 3234894  |r 2025-01-20  |w 2019-11-19  |y BK  |k ARQ 
952 |0 0  |1 0  |4 0  |6 723_400000000000000_POR_1917  |7 0  |8 P  |9 271818  |a BIBARQ  |b BIBARQ  |d 2019-11-19  |h v.2  |i 3235955  |o 723.4 POR 1917  |p 3235955  |r 2025-01-20  |w 2019-11-19  |y BK  |k ARQ 
952 |0 0  |1 0  |4 0  |6 723_400000000000000_POR_1917  |7 0  |8 P  |9 271819  |a BIBARQ  |b BIBARQ  |d 2019-11-19  |h v.3  |i 3237818  |o 723.4 POR 1917  |p 3237818  |r 2025-01-20  |w 2019-11-19  |y BK  |k ARQ 
952 |0 0  |1 0  |4 0  |6 723_400000000000000_POR_1917  |7 0  |8 P  |9 271820  |a BIBARQ  |b BIBARQ  |d 2019-11-19  |h v.4  |i 3237826  |o 723.4 POR 1917  |p 3237826  |r 2025-01-20  |w 2019-11-19  |y BK  |k ARQ